Drogas y democracia en América Latina : el impacto de la política de Estados Unidos /

Obra colectiva en la que se da cuenta del impacto y las consecuencias regionales que ha traído la política antidrogas de Estados Unidos en Latinoamérica. Se hace referencia de algunas situaciones particulares en los países de Bolivia, Colombia, Ecuador, México, Perú y la región del Caribe.

محفوظ في:
التفاصيل البيبلوغرافية
المؤلف الرئيسي: Youngers, Coletta A. (ed.)
مؤلفون آخرون: Rosin, Eileen (edición) (edición)
التنسيق: كتاب
اللغة:الإسبانية
منشور في: Buenos Aires, Argentina : Washington, EUA : Biblos ; Washington Office on Latin America, 2005, c2005
الموضوعات:
الوسوم: إضافة وسم

MARC

LEADER 00000nam^a2200000^a^4500
001 000192654
005 20250521000000.0
009 20260310102615.358
020 |a 950-786-491-1 
037 |a Acervo ITESO - Biblioteca 
041 |a ESP 
082 |a 320. 980  |b YOU 
100 |a Youngers, Coletta A.  |e (ed.) 
240 1 1 |a [Drogas y democracia en América Latina] 
245 1 0 |a Drogas y democracia en América Latina :  |b el impacto de la política de Estados Unidos /  |c Ed. de C.A. Youngers, E. Rosin. 
264 4 |a Buenos Aires, Argentina :  |b Biblos ;  |a Washington, EUA :  |b Washington Office on Latin America,  |c 2005, c2005 
300 |a 493 p. 
336 |a texto  |b txt  |2 rdacontenido 
337 |a sin mediación  |b n  |2 rdamedio 
338 |a volumen  |b nc  |2 rdasoporte 
520 |a Obra colectiva en la que se da cuenta del impacto y las consecuencias regionales que ha traído la política antidrogas de Estados Unidos en Latinoamérica. Se hace referencia de algunas situaciones particulares en los países de Bolivia, Colombia, Ecuador, México, Perú y la región del Caribe. 
649 |a XX 
650 |a Narcotráfico -  |z Latinoamérica -  |x Aspectos Políticos 
650 |a Narcotráfico -  |z Caribe, El -  |x Aspectos Políticos 
650 |a Crimen Organizado -  |z Latinoamérica 
650 |a Crimen Organizado -  |z Caribe, El 
650 |a Crimen Organizado -  |z EUA 
650 |a Delitos contra la Salud -  |z Latinoamérica 
650 |a Delitos contra la Salud -  |z Caribe, El 
650 |a Delitos contra la Salud -  |z EUA 
650 |a Militarismo -  |z Latinoamérica 
650 |a Intervención Militar de EUA 
650 |a Intervención Militar en Latinoamérica 
650 |a Política Antidrogas -  |z Latinoamérica -  |x Tema Principal 
650 |a Política Antidrogas -  |z Caribe, El 
650 |a Política Antidrogas -  |z EUA -  |x Tema Principal 
650 |a Problemas Sociales -  |z Latinoamérica 
650 |a Problemas Sociales -  |z Caribe, El 
650 |a Relaciones Internacionales -  |z Latinoamérica-EUA 
650 |a Relaciones Internacionales -  |z Caribe, El-EUA 
650 |a Política Internacional -  |x Historia -  |y Siglo XX 
650 |a Política Internacional -  |x Historia -  |y Siglo XXI 
700 |a Rosin, Eileen  |e (edición) 
910 |a Fondo General 
920 |a Impresos - Libros 
930 |a Colección General 
905 |a 101 
901 |a 0500136691  |b IT1  |c ACC  |u 20250521 
902 |a https://opac.biblio.iteso.mx/vufind/Record/000192654